Νεόφυτος Νικητόπουλος (1795-1846) : πορεία ζωής ενός Δημητσανίτη δασκάλου ανάμεσα στην ελπίδα και την πραγματικότητα

Αποθηκεύτηκε σε:
Λεπτομέρειες βιβλιογραφικής εγγραφής
Κύριος συγγραφέας: Αντωνίου, Δαυίδ
Μορφή: Βιβλίο
Γλώσσα:Greek
Δημοσίευση: Αθήνα : [χ.ό.], 1998
Θέματα:
Ετικέτες: Προσθήκη ετικέτας
Δεν υπάρχουν, Καταχωρήστε ετικέτα πρώτοι!

MARC

LEADER 00000cam a2200000 i 4500
001 1/27129
008 020904s1998 gre d
020 |a 960-90905-0-8 
035 |l 10068380 
040 |a GR-MY-UA  |b gre  |e aacr 
041 0 |a gre 
082 0 |a 920.71 
100 1 |a Αντωνίου, Δαυίδ. 
245 1 0 |a Νεόφυτος Νικητόπουλος (1795-1846) :  |b πορεία ζωής ενός Δημητσανίτη δασκάλου ανάμεσα στην ελπίδα και την πραγματικότητα /  |c Δαυίδ Αντωνίου 
260 |a Αθήνα :   |b [χ.ό.],   |c 1998 
300 |a 38 σ. 
600 1 0 |a Νικητόπουλος, Νεόφυτος,   |d 1795-1846. 
650 0 0 |a Educators  |z Greece  |x Biography. 
852 |a INST  |b RHODES  |e 20020904  |h 920.71 ΑΝΤ  |p 005400016187  |q 005400016187  |t BK  |y 0 
901 |a BIBL4-2002-2 
909 |a Ρ  |b 101340 
970 |a ΚΟΥΛΑΚΙΟΤΗ  |b ΛΙΤΣΑ  |z 2002/09/04